Представление документа в формате RUSMARC

ПолеНазваниеЗначение
  Тип записи a
  Библиографический уровень a
001 Контрольный номер RU/CBS_UL/BASE/3f9042b4c23041f68784683d7683af02
005 Дата корректировки 20240924141446.7
100 Данные общей обработки __
a Данные общей обработки 20240924 ||| 0rusy0189 ca
101 Язык документа 0_
a Язык текста rus
102 Страна публикации __
a Страна публикации RU
200 Заглавие и сведения об ответственности 1_
a Заглавие Биологи приготовили фрикадельку с белком мамонта
e Сведения, относящиеся к заглавию [учёные создали символическую фрикадельку из клеток, в которые был пересажен ген мамонта]
300 Общие примечания __
a Общие примечания 16+
461 Уровень набора _0
1 2000
a Вокруг света
463 Уровень физической единицы _0
1 2000
a № 5
v С. 77 : фот.
1 2101
d 2023
1 001RU/CBS_UL/BASE/b2f096ee3e3746f89d59d42f3faa7993
606 Тематические рубрики 0_
a Основная рубрика Генетика животных
610 Ключевые слова 0_
a Ключевые слова генетика
610 Ключевые слова 0_
a Ключевые слова гены
610 Ключевые слова 0_
a Ключевые слова биотехнологии
610 Ключевые слова 0_
a Ключевые слова ДНК
610 Ключевые слова 0_
a Ключевые слова белки (биолог.)
610 Ключевые слова 0_
a Ключевые слова клетки
610 Ключевые слова 0_
a Ключевые слова миоглобин
610 Ключевые слова 0_
a Ключевые слова мамонты
686 Индексы других классификаций __
2 Код системы rubbk
a Классификационный индекс 28.64
801 Источник записи _0
a Страна RU
b Организация МБУК ЦБС г. Ульяновска
c Дата составления 20240924
g Правила каталогизации RCR
801 Источник записи _1
a Страна RU
b Организация МБУК ЦБС г. Ульяновска
c Дата составления 20240924
g Правила каталогизации RCR
901 Тип документа __
t Тип документа b
w Контрольный № источника RU/CBS_UL/BASE/b2f096ee3e3746f89d59d42f3faa7993
909 Создатель записи __
a Создатель записи lib1